The Levant in transition : proceedings of a conference held at the British Museum on 20-21 April 2004 /
Corporate Authors: ,
Other Authors:
Format: Book
Language: English
Published:
Leeds, UK :
Maney,
2009.
Series:
Palestine Exploration Fund annual ;
9.
PEFA ;
9.
Subjects:
Tags: Add Tag
Call Number: DS111 .A1 P28 v.9
| LEADER | 02508namaa2200337 4500 | ||
|---|---|---|---|
| 003 | OSt | ||
| 005 | 20260505090355.0 | ||
| 008 | 130303s2009 enkab b 000 0 eng d | ||
| 020 | |a 9781904350996 | ||
| 040 | |c ARCE Library | ||
| 043 | |a aw----- | ||
| 050 | 4 | |a DS111 .A1 P28 v.9 | |
| 245 | 0 | 0 | |a The Levant in transition : |b proceedings of a conference held at the British Museum on 20-21 April 2004 / |c editor, Peter J. Parr. |
| 264 | 1 | |a Leeds, UK : |b Maney, |c 2009. | |
| 300 | |a [vi], 121 pages : |b illustrations, maps ; |c 29 cm. | ||
| 490 | 1 | |a Palestine Exploration Fund annual ; |v 9. | |
| 490 | 1 | |a PEFA ; |v 9. | |
| 504 | |a Includes bibliographical references. | ||
| 505 | 0 | |a Preface / Jonathan N. Tubb -- Early Bronze III and IV : chronological and cultural relations / Rupert L. Chapman III -- Socio-economic aspects of an intermediate Bronze Age village in the Jezreel Valley / Karen Covello-Paran -- Northern Levant at the end of the early Bronze Age : the evidence from Sidon / Claude Doumet-Serhal -- Short-lived settlement system and a lengthy period : the intermediate Bronze Age ('EB IV') on the coastal plain of Israel / Ram Gophna -- Copper trade and pastoralism in the Negev and Sinai deserts in the EB IV / Moti Haiman -- Intermediate Bronze Age (IBA) in the Negev, forty years later / Moshe Kochavi -- Jebel Bishri in Syria and the role of nomadism in the end of the early Bronze Age / Minna Lönnqvist -- Tell Mishrifeh and its region during the EBA IV and the EBA-MBA transition : a first assessment / Daniele Morandi Bonacossi -- EB IVB-MBI in Northern Syria : crisis and change of a mature urban civilisation / Frances Pinnock -- Late Third Millennium in the Levant : a reappraisal of the North-South divide / Kay Prag -- Khirbet Iskander, Jordan and early Bronze IV studies : a view from a tell / Suzanne Richard and Jesse C. Long, Jr. -- Southern Ghors and the Kerak plateau in EB IV / R. Thomas Schaub -- Aliens in the Levant / Jonathan N. Tubb -- Afterword / Peter J. Parr. | |
| 650 | 0 | |a Excavations (Archaeology) |z Middle East |v Congresses. | |
| 650 | 0 | |a Bronze age |z Middle East |v Congresses. | |
| 651 | 0 | |a Middle East |x Antiquities |v Congresses. | |
| 651 | 0 | |a Middle East |x Social life and customs |v Congresses. | |
| 700 | 1 | |a Parr, Peter, |q (Peter J.) | |
| 710 | 2 | |a British Museum. | |
| 710 | 2 | |a Palestine Exploration Fund. | |
| 830 | 0 | |a Palestine Exploration Fund annual ; |v 9. | |
| 830 | 0 | |a PEFA ; |v 9. | |
| 901 | |a reviewed | ||
| 942 | |c BK |2 lcc | ||
| 999 | |c 5991 |d 5991 | ||
